Top 5 Capitales por Categoría #2 - Estadísticas

Estadísticas generales
  • Esta prueba ha sido intentada 183 veces
  • La puntuación promedio es 27 de 50
Estadísticas de respuestas
Capital % Correcto
Buenos Aires
95%
Bogotá
91%
Ciudad de México
91%
París
90%
Santiago
89%
Londres
87%
Tallin | Helsinki
87%
Moscú
86%
Lima
85%
Washington D.C.
85%
Tokio
84%
Pekín
81%
Canberra
78%
El Cairo
78%
Kiev
78%
Reikiavik
78%
Abu Dabi
74%
Minsk
71%
Riga
68%
Tallin
68%
Berlín
67%
Vilna
63%
Atenas
61%
Wellington
58%
Argel
57%
Ulán Bator
55%
Seúl
52%
Viena
52%
Bagdad
50%
Yakarta
48%
Adís Abeba
43%
Singapur
43%
Astaná
42%
Kuala Lumpur
42%
Bruselas
36%
Damasco
36%
Acra
34%
Abuya
32%
Amán
32%
Manila
31%
Jartum
29%
Taipéi
29%
Kuwait
26%
Budapest
25%
Yamena
16%
Niamey
14%
Bamako
12%
Dili
8%
Uagadugú
6%
Ngerulmud
5%
No se encontraron pruebas coincidentes
Distribución de puntuación
Porcentaje de gente con cada puntuación
Porcentaje por número respondido
Historial de tus puntuaciones
No has intentado esta prueba.